Statystyki dla Państwa na literę A

Kliknij tutaj aby rozwiązać quiz!

Ogólne statystyki

  • Ten quiz został rozwiązany 34 razy
  • Średni wynik to 10 z 12

Statystyki odpowiedzi

KontynentPaństwo% Poprawnych
EuropaAndora
94%
Ameryka PołudniowaArgentyna
94%
AzjaArmenia
94%
Australia i OceaniaAustralia
90%
EuropaAustria
90%
AzjaAzerbejdżan
87%
AfrykaAngola
81%
AzjaAfganistan
77%
EuropaAlbania
77%
AfrykaAlgieria
74%
AzjaArabia Saudyjska
68%
Ameryka PółnocnaAntigua i Barbuda
65%

Rozkład punktacji

Percentyl według liczby udzielonych odpowiedzi

Procent ludzi z każdym wynikiem

Twoja historia wyników

Nie rozwiązałeś tego quizu